Italian Logo Quiz! #1 - Statistics

General Stats
  • This quiz has been taken 122 times
  • The average score is 17 of 24
Answer Stats
Picture Answer % Correct
Ferrari
96%
Lamborghini
94%
Alfa Romeo
93%
Gucci
93%
Nutella
92%
Fila
90%
Fiat
88%
Maserati
85%
Barilla
72%
Giorgio Armani
72%
Ferrero Rocher
71%
Martini
71%
Pirelli
70%
Versace
70%
Tic Tac
69%
Dolce & Gabbana
68%
Prada
62%
Lancia
57%
Alitalia
55%
Diesel
49%
Bvlgari
48%
Fendi
48%
Bennetton
43%
Diadora
37%
No matching quizzes found
Score Distribution
Percent of People with Each Score
Percentile by Number Answered
Your Score History
You have not taken this quiz